Mexico City Trivia - Statistics

General Stats
  • This quiz has been taken 432 times
  • The average score is 9 of 14
Answer Stats
Clue Answer % Correct
Type of natural disaster that devastated Mexico City in 1985 Earthquake
95%
Event hosted by Mexico City in 1968 Summer Olympics
94%
Female painter known for her self-portraits Frida Kahlo
92%
Country that occupied Mexico City in 1847 United States
82%
Closest world capital to Mexico City Guatemala City
76%
Historical capital of the Aztec Empire in the 15th century Tenochtitlan
75%
Exiled Soviet leader who was assassinated in Mexico City in 1940 Leon Trotsky
73%
World's richest person between 2010-2013 Carlos Slim
59%
Husband of the above who painted murals Diego Rivera
58%
Black-and-white Alfonso Cuarón movie about a middle class family's maid in the 1970s (was nominated for Oscar Best Picture in 2019) Roma
44%
Mexico City is one of two capitals in the Americas that was founded by indigenous people. What is the other one? Quito
41%
Spanish abbreviation of Mexico City CDMX
39%
Only inland city whose urban area is more populous than Mexico City Delhi
33%
Municipality where all the figures above lived Coyoacán
27%
No matching quizzes found
Score Distribution
Percent of People with Each Score
Percentile by Number Answered
Your Score History
You have not taken this quiz